000
00335nam a22001457a 4500
008
221011b ||||| |||| 00| 0 eng d
020
_a
9780877799108
041
_a
eng
080
_2
over 1 million in print
_a
721
082
_a
721
100
_a
20.2
101
_a
NDER
245
_a
VOCALBULARY BUILDER
_c
CORNOG M
942
_2
udc
_c
BK
999
_c
58465
_d
58465